00906nam a2200253Ia 450000500170000000800410001702000190005810000300007724501020010725000400020930000270024949000460027652100290032265000370035165000410038865000330042970000300046226400260049233600270051833700330054533800280057804000350060608400110064120220317001038.0160825s2008 sp g 000 0 spa  a978842063360121 aProust, Marceld1871-192210aEn busca del tiempo perdido, 1bpor el camino de SwancMarcel Proust; traducido por Pedro Salinas a1a. edición b11a. reimpresión  a517 páginas c24 cm  aEl libro de bolsillopbiblioteca de autor aRecomendado para adultos142LEMBaNovela francesa ySiglo XX142LEMBaLiteratura francesa ySiglo XX142LEMBaAmor en la literatura 1 aSalinas, Pedrod1891-1951 aMadridbAlianzac2008 atextobtxt2rdacontent asin mediaciónbn2rdamedia avolumenbnc2rdacarrier aCO-BoRNBPbspaerdacCO-BoRNBP aN PRO1